Introduction to developing economics (Record no. 3476)

000 -LEADER
fixed length control field 00514nam a22001937a 4500
001 - CONTROL NUMBER
control field 3476
003 - CONTROL NUMBER IDENTIFIER
control field BD-DhUET
008 - FIXED-LENGTH DATA ELEMENTS--GENERAL INFORMATION
fixed length control field 141029b xxu||||| |||| 00| 0 eng d
020 ## - INTERNATIONAL STANDARD BOOK NUMBER
International Standard Book Number 0415280753
040 ## - CATALOGING SOURCE
Transcribing agency 0
Modifying agency BD-DhUET
082 ## - DEWEY DECIMAL CLASSIFICATION NUMBER
Classification number 330.91724
Item number GHA/2003
100 ## - MAIN ENTRY--PERSONAL NAME
Personal name Ghatak ,Subrata
245 ## - TITLE STATEMENT
Title Introduction to developing economics
Statement of responsibility, etc. by Subrata Ghatak
250 ## - EDITION STATEMENT
Edition statement 4th
260 ## - PUBLICATION, DISTRIBUTION, ETC. (IMPRINT)
Place of publication, distribution, etc. London:
Name of publisher, distributor, etc. Routledge,
Date of publication, distribution, etc. 2003
300 ## - PHYSICAL DESCRIPTION
Extent xvii, 458P.
650 #0 - SUBJECT ADDED ENTRY--TOPICAL TERM
Topical term or geographic name as entry element Economic development-least developed countries
942 ## - ADDED ENTRY ELEMENTS (KOHA)
Koha item type General Book
Holdings
Sublocation or collection (holding branch) Lost status Date acquired Shelving location Koha item type Koha full call number Copy number Source of classification or shelving scheme Damaged status Price effective from Withdrawn status Koha date last seen Not for loan Location (home branch) Piece designation (barcode) Koha normalized classification for sorting
Central Library, BUET 2014-10-29Circulation sectionGeneral Book330.91724/GHA/20031  2014-10-29 2014-10-29 Central Library, BUET100423330_000000000000000_91724GHA20
Central Library, BUET 2014-10-29Circulation sectionGeneral Book330.91724/GHA/20032  2014-10-29 2014-10-29 Central Library, BUET100424330_000000000000000_91724GHA20
Central Library, BUET 2014-10-29Circulation sectionGeneral Book330.91724/GHA/20033  2014-10-29 2014-10-29 Central Library, BUET100425330_000000000000000_91724GHA20